La bella Elena (Record no. 162674)

MARC details
000 -LEADER
campo de control de longitud fija 01276nam a22002415i 4500
001 - NÚMERO DE CONTROL
campo de control 162674
003 - IDENTIFICADOR DE NÚMERO DE CONTROL
campo de control ES-MaACL
005 - FECHA Y HORA DE LA ÚLTIMA TRANSACCIÓN
campo de control 20230906212558.0
008 - DATOS DE LONGITUD FIJA--INFORMACIÓN GENERAL
campo de control de longitud fija 020402s1870 sp |||| | spa d
040 ## - FUENTE DE CATALOGACIÓN
Centro catalogador/agencia de origen CAM
Lengua de catalogación spa
Centro/agencia transcriptor CAM
100 1# - ENTRADA PRINCIPAL--NOMBRE DE PERSONA
Nombre de persona Puente y Brañas, Ricardo.
9 (RLIN) 94166
245 13 - MENCIÓN DEL TÍTULO
Título La bella Elena
Resto del título : zarzuela bufa en tres actos y en prosa y verso /
Mención de responsabilidad, etc. arreglada á la música de Offembach por Ricardo Puente y Brañas y Miguel Pastorfido.
260 ## - PUBLICACIÓN, DISTRIBUCIÓN, ETC.
Lugar de publicación, distribución, etc. Madrid :
Nombre del editor, distribuidor, etc. [s.n.],
Fecha de publicación, distribución, etc. 1870 (
Fabricante Imprenta de José Rodriguez)
300 ## - DESCRIPCIÓN FÍSICA
Extensión 76 p. ;
Dimensiones 20 cm.
500 ## - NOTA GENERAL
Nota general En port.: Representada por primera vez en el Teatro del Circo el 31 de diciembre de 1870.
500 ## - NOTA GENERAL
Nota general Precede al tít.: Repertorio de los bufos Arderius.
500 ## - NOTA GENERAL
Nota general Solo la letra.
596 ## - NOTA AL PIE DE IMPRENTA
NOTA AL PIE DE IMPRENTA En verso de la port. consta: "... Galerías Dramáticas y Liricas de Gullon é Hidalgo ..."
700 1# - ENTRADA AGREGADA--NOMBRE PERSONAL
Nombre de persona Pastorfido, Miguel.
9 (RLIN) 89537
700 0# - ENTRADA AGREGADA--NOMBRE PERSONAL
Nombre de persona Offembach, Jacques.
9 (RLIN) 86558
852 ## - LOCALIZACIÓN
Ubicación ES-MaACL
Número de control de estantería F-8581(8)
Nota libre -- Enc. pasta española
condición física -- Falto de la cub. original
Nota libre -- Enc. en un vol. facticio ormando parte de la col. facticia "Teatro español moderno", vol. 34
852 ## - LOCALIZACIÓN
Ubicación ES-MaACL
Número de control de estantería D-677(4)
Nota libre .- Enc. en un vol. facticio
-- .- Legado M. de la Fuente
-- .- Firma manuscrita "Antonio Balseiro y González"
Holdings
Estatus retirado Estado de pérdida Estado de daño No para préstamo Colección Biblioteca de origen Biblioteca actual Ubicación en estantería Fecha de adquisición Total de préstamos Signatura topográfica completa Código de barras Visto por última vez Precio de reemplazo Tipo de ítem Koha
        Libros del s. XIX Biblioteca del Ateneo de Madrid Biblioteca del Ateneo de Madrid Sala Valle Inclán 17/01/2008   D-677(4) 901170429 23/02/2023 23/02/2023 Libro impreso antiguo
        Libros del s. XIX Biblioteca del Ateneo de Madrid Biblioteca del Ateneo de Madrid Sala Pecera Planta 2 17/01/2008   F-8581(8) 1170428 23/02/2023 23/02/2023 Libro impreso antiguo